The poor subsidise the rich (Record no. 70036)
[ view plain ]
| 000 -LEADER | |
|---|---|
| fixed length control field | 01072cam a2200229 4500 |
| 001 - CONTROL NUMBER | |
| control field | ABS65444 |
| 008 - FIXED-LENGTH DATA ELEMENTS--GENERAL INFORMATION | |
| fixed length control field | 020422n2002 000 0 eng u |
| 035 ## - SYSTEM CONTROL NUMBER | |
| System control number | (Sirsi) u117615 |
| 100 ## - MAIN ENTRY--PERSONAL NAME | |
| Personal name | Partridge, C |
| 245 #4 - TITLE STATEMENT | |
| Title | The poor subsidise the rich |
| 260 ## - PUBLICATION, DISTRIBUTION, ETC. | |
| Date of publication, distribution, etc. | 2002 |
| 490 ## - SERIES STATEMENT | |
| Series statement | Estates Gazette |
| Volume/sequential designation | (0212) 23 March 2002, 125(1) |
| 520 ## - SUMMARY, ETC. | |
| Summary, etc. | Argues against the introduction of the valuation white paper's rate relief scheme, claiming it imposes a charge upon those businesses least able to pay a premium to reduce the liability of those businesses most able to pay. Government intends to change the current system so that any transitional adjustment is eliminated by the fifth year of the revaluation cycle, and the proposed scheme will apply to every property in England whose rateable value has increased by a percentage different to the national figure. |
| 590 ## - LOCAL NOTE (RLIN) | |
| Local note | ABS |
| 650 ## - SUBJECT ADDED ENTRY--TOPICAL TERM | |
| Topical term or geographic name entry element | LIABILITY |
| 650 ## - SUBJECT ADDED ENTRY--TOPICAL TERM | |
| Topical term or geographic name entry element | REVALUATION |
| 650 ## - SUBJECT ADDED ENTRY--TOPICAL TERM | |
| Topical term or geographic name entry element | BUSINESS RATES |
| 650 ## - SUBJECT ADDED ENTRY--TOPICAL TERM | |
| Topical term or geographic name entry element | RATE RELIEF |
| 650 ## - SUBJECT ADDED ENTRY--TOPICAL TERM | |
| Topical term or geographic name entry element | RATING SYSTEM |
| 690 ## - LOCAL SUBJECT ADDED ENTRY--TOPICAL TERM (OCLC, RLIN) | |
| Topical term or geographic name as entry element | RATING AND LOCAL TAXATION |
| 942 ## - ADDED ENTRY ELEMENTS (KOHA) | |
| Suppress in OPAC | 0 |
| Withdrawn status | Lost status | Source of classification or shelving scheme | Damaged status | Not for loan | Home library | Current library | Shelving location | Date acquired | Total Checkouts | Full call number | Barcode | Date last seen | Copy number | Price effective from | Koha item type |
|---|---|---|---|---|---|---|---|---|---|---|---|---|---|---|---|
| Dewey Decimal Classification | London | London | Journal article | 22/04/2002 | ABS65444 | 117615-1001 | 06/08/2019 | 1 | 06/08/2019 | Journal article |